Salud mental basada en las pruebas
Guardat en:
| Autor principal: | |
|---|---|
| Format: | Llibre |
| Idioma: | espanyol |
| Publicat: |
Bilbao
Universidad del País Vasco
2008
|
| Matèries: | |
| Etiquetes: |
Afegir etiqueta
Sense etiquetes, Sigues el primer a etiquetar aquest registre!
|
MARC
| LEADER | 00000nam a2200000 a 4500 | ||
|---|---|---|---|
| 001 | UCH7572 | ||
| 003 | CL-VaPUC | ||
| 008 | 091119e20080000SP |||||||||||||||||spa|d | ||
| 020 | |a 9788498601336 | ||
| 082 | 0 | 4 | |a 616.89 |b GUI |2 21 |
| 100 | 0 | |a Guimón, José |e author |9 543970 | |
| 245 | 1 | 0 | |a Salud mental basada en las pruebas |
| 300 | |a 698 p | ||
| 942 | |c BK | ||
| 945 | |d 20091119 00:00:00 |a rbrito | ||
| 260 | |a Bilbao |b Universidad del País Vasco |c 2008 | ||
| 650 | 0 | |a Salud mental |9 308393 | |
| 650 | 7 | |a ENFERMEDAD MENTAL |2 CL-VaPUC |9 396080 | |
| 650 | 0 | |a Psicopatología |9 307473 | |
| 650 | 0 | |a Psiquiatría |9 308427 | |
| 583 | |a last modification |c 20091119 00:00:00 |k Rodrigo Vera | ||
| 999 | |c 338089 |d 338087 | ||
| 952 | |0 0 |1 0 |4 0 |6 616_890000000000000_GUI_2008 |7 0 |8 A |9 430905 |a BIBEDU |b BIBEDU |d 2019-11-22 |i 4619854 |o 616.89 GUI 2008 |p 4619854 |r 2019-11-22 |w 2019-11-22 |y BK |k PSI | ||